| 000 | 00554cam a2200205 4500 | ||
|---|---|---|---|
| 008 | 090401t1987 xxu||||| |||| 00| 0 eng d | ||
| 020 | _a0582009855 | ||
| 035 | _a(Sirsi) u9895 | ||
| 041 | _aeng | ||
| 050 | _a692.8 | ||
| 100 | _aTurner, Dennis F | ||
| 245 | _aBuilding contracts: a practical guide | ||
| 250 | _a4th second impressio | ||
| 260 |
_aHarlow, Essex _bLongman Scientific & Technical _c1987 |
||
| 300 | _avii, 402p. ; 24cm | ||
| 350 | _a0 | ||
| 690 | _aBUILT ENVIRONMENT-BUILDING CONTRACT FORMS | ||
| 942 | _n0 | ||
| 948 | _c04/03/1997 | ||
| 999 |
_c86678 _d86678 |
||